Central Library and Information Centre
Sibsagar Girls' College, Sivasagar : Assam

SNATAK MAHALAR NARIBAAD : TATWA ARU PROYUG (Record no. 24775)

MARC details
000 -LEADER
fixed length control field 00419nam a22001577a 4500
005 - DATE AND TIME OF LATEST TRANSACTION
control field 20211209142246.0
008 - FIXED-LENGTH DATA ELEMENTS--GENERAL INFORMATION
fixed length control field 211209b ||||| |||| 00| 0 eng d
040 ## - CATALOGING SOURCE
Transcribing agency
082 ## - DEWEY DECIMAL CLASSIFICATION NUMBER
Classification number 305.42
Item number DAS
100 ## - MAIN ENTRY--PERSONAL NAME
Personal name DAS, DR. DWIPEN & DAS, BAIKUNTHA
Relator term AUTHOR
245 ## - TITLE STATEMENT
Title SNATAK MAHALAR NARIBAAD : TATWA ARU PROYUG
Medium ASM
250 ## - EDITION STATEMENT
Edition statement 1ST
260 ## - PUBLICATION, DISTRIBUTION, ETC.
Place of publication, distribution, etc. DIBRUGARH
Name of publisher, distributor, etc. BANALATA
Date of publication, distribution, etc. 2020
300 ## - PHYSICAL DESCRIPTION
Extent 224p.;
Dimensions 21CM
942 ## - ADDED ENTRY ELEMENTS (KOHA)
Source of classification or shelving scheme Dewey Decimal Classification
Koha item type Books
Holdings
Withdrawn status Lost status Source of classification or shelving scheme Damaged status Not for loan Collection code Home library Current library Shelving location Date acquired Cost, normal purchase price Total Checkouts Total Renewals Full call number Barcode Date last seen Date last checked out Price effective from Koha item type Public note
    Dewey Decimal Classification     TBPSC Central Library and Information Centre Sibsagar Girls College Central Library and Information Centre Sibsagar Girls College POLITICAL SC BOOK RACK 25.02.2020 200.00 1 1 305.42 DAS 43818 12.08.2022 05.05.2022 09.12.2021 Books V
    Dewey Decimal Classification     TBPSC Central Library and Information Centre Sibsagar Girls College Central Library and Information Centre Sibsagar Girls College POLITICAL SC BOOK RACK 25.02.2020   4   305.42 DAS 43819 16.06.2023 17.03.2023 09.12.2021 Books V
    Dewey Decimal Classification     TBPSC Central Library and Information Centre Sibsagar Girls College Central Library and Information Centre Sibsagar Girls College POLITICAL SC BOOK RACK 25.02.2020   4   305.42 DAS 43820 22.03.2023 09.03.2023 09.12.2021 Books V
    Dewey Decimal Classification     TBPSC Central Library and Information Centre Sibsagar Girls College Central Library and Information Centre Sibsagar Girls College POLITICAL SC BOOK RACK 25.02.2020   4   305.42 DAS 43821 22.02.2023 07.02.2023 09.12.2021 Books V
    Dewey Decimal Classification     TBPSC Central Library and Information Centre Sibsagar Girls College Central Library and Information Centre Sibsagar Girls College POLITICAL SC BOOK RACK 25.02.2020   3   305.42 DAS 43822 28.04.2026 24.04.2026 09.12.2021 Books V


Sibsagar Girl's College © 2020. All rights reserved.
Powered by Koha.
Maintained by Abhijit Borpuzari.